Statistics for Word Scramble - Indian States

Click here to take the quiz!

General Stats

  • This quiz has been taken 1,426 times
  • The average score is 11 of 20

Answer Stats

Answer% Correct
Goa
90%
Punjab
89%
Bihar
84%
Haryana
77%
Karnataka
77%
Jammu
76%
Assam
75%
Kerala
75%
Gujarat
74%
Mizoram
74%
Sikkim
72%
Maharashtra
69%
Odisha
68%
Rajasthan
66%
Tripura
65%
Manipur
63%
Nagaland
62%
Jharkhand
60%
Chhattisgarh
59%
Meghalaya
57%
Uttarakhand
49%
Andhra Pradesh
48%
Madhya Pradesh
48%
Himachal Pradesh
47%
Arunachal Pradesh
46%
West Bengal
45%
Uttar Pradesh
44%
Tamil Nadu
40%
Telengana
37%

Score Distribution

Percentile by Number Answered

Percent of People with Each Score

Your Score History

You have not taken this quiz